000 00271nam a2200109Ia 4500
001 588708
005 20250717120836.0
008 250717s9999 xx 000 0 und d
245 0 _aZ-1 OĞUZ KAĞAN DESTANI
_cAHMET ÇELİK
260 _bERDEM YAYINLARI
_c2018
300 _b96
999 _c588708
_d588708